000 00616nam a2200193 i 4500
001 85362
003 ES-MaACL
005 20251214063015.0
007 t|
008 041126s1961 sp ||||1| spa d
100 0 _aJuan de la Cruz,
_cSanto,
_d1542-1591
_967110
245 1 0 _aPoesías completas y otras páginas /
_cSan Juan de la Cruz ; selección, estudio y notas por José Manuel Blecua.
250 _a4ª ed. il.
260 _aZaragoza :
_bEbro,
_c[1961]
300 _a127 p. ;
_c18 cm.
700 0 _aBlecua, José Manuel.
_929459
852 _aES-MaACL
_jC-20223
_bR.48692
999 _c85362
_d85362